000 00755nam a2200229 4500
003 OSt
005 20240613024624.0
006 a
008 240613b |||||||| |||| 00| 0 eng d
020 _a9718614433
040 _aDWCL-Main lib.
_cOC
082 _2Second edition
_aFil. 510 G478e 2012
100 _aGillesania, Diego Inicensio T.
245 _aEngineering mathematics, volume 2 /
250 _aSecond edition
260 _aCebu City, Phils. :
_bGillesania Eng’g Review & Training Center,
_cc2012.
300 _aviii,
_b576 p. : ill. ;
_c21 cm.
504 _aIncludes index.
650 _a1. Engineering mathematics–Problems, exercises, etc.
700 _aDiego Inicensio T. Gillesania
942 _2ddc
_n0
_cBK - FIL
_eSecond edition
_kFil.
999 _c603
_d603